Zabezpečovacie právo podľa Obchodného a Občianskeho zákonníka diplomová práca

Na minha lista:
Detalhes bibliográficos
Autor principal: Kromková, Alžbeta
Autor Corporativo: Obchodná fakulta EU. Katedra obchodného práva
Outros Autores: Holub, Dušan
Formato: Livro
Idioma:eslovaco
Publicado em: Bratislava 2012
Tags: Adicionar Tag
Sem tags, seja o primeiro a adicionar uma tag!

MARC

LEADER 00000nbm a2200000 4500
001 0159122
005 20161109102230.0
041 0 |a slo 
044 |a SK 
245 1 0 |a Zabezpečovacie právo podľa Obchodného a Občianskeho zákonníka  |b diplomová práca  |c Alžbeta Kromková ; školiteľ: Dušan Holub 
264 1 |a Bratislava  |c 2012 
300 |a 66 s. 
100 1 |a Kromková, Alžbeta 
700 1 |a Holub, Dušan 
710 2 |a Obchodná fakulta EU. Katedra obchodného práva